00326 a2200097 4500001001000000005001700010008004100027245004200068100002200110773009600132ART_2258420260410161854.0260409a 10aIngreso igualitario al poder judicial1 aCaramelo, Gustavo0 tDerecho públicogDemocratización de la justicia - Año II, Nº 5 (jun. 2013)wREV10451